000 00360nam a2200157Ia 4500
003 LK-CoDNM
005 20240803152244.0
008 010623t1878 xxu||||| |||| 00| 1 eng d
040 _aLK-CoDNM
_dLK-CoDNM
_eLK-CoDNM
041 _aeng
080 _a16
_bA22
245 _aFIVE JATAKAS,
260 _bCOPENHAGEN
_c1861
300 _b72p. : 23 cm
942 _cBK
999 _c82157
_d82157